Návrh bodovej zváračky s riadením výkonu

Salvato in:
Dettagli Bibliografici
Autore principale: Ševcech, Šimon (Autore)
Altri autori: Šimon, Štefan (Relatore della tesi)
Natura: Manoscritto Libro
Lingua:slovacco
Pubblicazione: 2019
Soggetti:
Accesso online:http://is.stuba.sk/zp/portal_zp.pl?podrobnosti=139553
Tags: Aggiungi Tag
Nessun Tag, puoi essere il primo ad aggiungerne!!

MARC

LEADER 00000ntm a22000003a 4500
001 stuzp71922
003 SK-STU
005 20190629210640.7
007 ta
008 150427s2015----xo-----f-mn---000-0-slo-d
040 |a STU  |b slo 
041 0 |a slo 
100 1 |a Ševcech, Šimon  |u 066000  |4 aut  |U MTF Materiálovotechnologická fakulta  |T MTF Ústav aplikovanej informatiky, automatizácie a mechatroniky  |X 88337  |U M6000  |Y 86  |7 88337 
242 0 1 |a Design of spot welder with control of power  |y eng 
245 1 0 |a Návrh bodovej zváračky s riadením výkonu 
260 |c 2019 
650 4 |a bodové zváranie  |2 slo 
650 4 |a bodová zváračka  |2 slo 
650 4 |a riadenie  |2 slo 
650 4 |a spot welding  |2 eng 
650 4 |a spot welder  |2 eng 
650 4 |a controll  |2 eng 
700 1 |a Šimon, Štefan  |u 066000  |k Z3  |4 ths  |U MTF Materiálovotechnologická fakulta  |T MTF Ústav aplikovanej informatiky, automatizácie a mechatroniky  |X 45904  |U M6000  |Y 86  |7 45904 
856 4 |u http://is.stuba.sk/zp/portal_zp.pl?podrobnosti=139553 
996 |c M* BP-8731  |l MMSKP  |s P  |a 0  |w stuzp71922_0001